000 02450nam a2200349 i 4500
001 768714001
003 CO-MdFUSB
005 20260326154406.0
007 ta
008 240918t1983 sp ||||| |||| 001 0 spa d
020 _a84-254 1344-3
040 _bspa.
_aCO-MdFUSB
_cCO-MdFUSB
_dCO-MdFUSBC
_erda
041 _aspa
082 _223
_a232
_bSCH332
100 _aSchierse, Franz Joseph,
_eautor
240 _aChristologie
245 0 _aCristología
_c/ Franz Joseph Schierse
264 1 _aBarcelona, España :
_bHerder,
_c[1983]
264 4 _c©1983
300 _a171 páginas
_c; 20 cm
336 _2rdacontent
_atexto
_btxt
337 _2rdamedia
_asin mediación
_bn
338 _2rdacarrier
_avolumen
_bnc
490 _aBiblioteca de teología
500 _aIncluye índice
505 _a¿Quién fue Jesús de Nazaret? -- El marco externo de la vida de Jesús. -- Digresión: fuentes no cristianas de la historia de Jesús. -- La «personalidad» de Jesús. -- Ideas e intenciones de Jesús. -- Puntos de partida prepascuales de la cristología. -- ¿Confesiones prepascuales de fe en Cristo? -- Autorrevelaciones de Jesús. -- La impresión de la personalidad. -- Puntos de partida cristológicos de la predicación de Jesús. -- La actuación carismática de Jesús. -- La fe pascual en Cristo. -- La gestación de la fe pascual. -- La cristología de la fe pascual. -- Títulos e ideas de la cristología neotestamentaria. -- Prenotandos metodológicos. -- La cristología de la predicación misional. -- La cristología de la catequesis bautismal. -- La cristología de los textos litúrgicos. -- Apéndice: sobre la cristología «epifánica» de las cartas pastorales. -- Interpretaciones cristológicas de la Escritura. -- Resumen. -- Circunstancias y tendencias en la formación de los dogmas cristológicos. -- El docetismo gnóstico. -- El dualismo gnóstico. -- El adopcionismo. -- El arrianismo (subordinacionismo). -- El apolinarismo. -- El «nestorianismo». -- El monofisismo y el concilio de Calcedonia. -- Desarrollos después de Calcedonia. -- Digresión: la doctrina de la satisfacción de Anselmo de Canterbury. -- Conclusión: problemas principales de la cristología actual. -- Indicaciones bibliográficas.
563 _aRústica
650 7 _aCristología
_9239
700 _aMartínez de Lapera, Víctor Abelardo,
_910398
_etraductor
942 _cBK
945 _aCatherine Arias Alvarez
999 _c70953
_d70953